Problémy prekladu a medzikultúrnej komunikácie 3 zborník vedeckých prác
Guardado en:
| Otros Autores: | , |
|---|---|
| Formato: | Libro |
| Lenguaje: | eslovaco inglés italiano |
| Publicado: |
Bratislava
Z-F LINGUA
2011
|
| Materias: | |
| Etiquetas: |
Sin Etiquetas, Sea el primero en etiquetar este registro!
|
MARC
| LEADER | 00000nlm$a2200000$$$4500 | ||
|---|---|---|---|
| 001 | 0127402 | ||
| 005 | 20230120074636.7 | ||
| 020 | |a 978-80-89328-46-8 | ||
| 041 | 0 | |a slo | |
| 041 | 0 | |a eng | |
| 041 | 0 | |a ita | |
| 044 | |a SK | ||
| 245 | 1 | 0 | |a Problémy prekladu a medzikultúrnej komunikácie 3 |b zborník vedeckých prác |c zostavila Emília Charfaoui |
| 264 | 1 | |a Bratislava |b Z-F LINGUA |c 2011 | |
| 300 | |a CD-ROM [116 s.] | ||
| 610 | 2 | 0 | |a komunikácia multikultúrna |
| 610 | 2 | 0 | |a kultúra |
| 610 | 2 | 0 | |a jazyky cudzie |
| 610 | 2 | 0 | |a prekladatelia |
| 610 | 2 | 0 | |a tlmočníci |
| 610 | 2 | 0 | |a vyučovanie |
| 610 | 2 | 0 | |a didaktika |
| 700 | 1 | |a Charfaoui, Emília | |
| 700 | 1 | |a Žitný, Milan | |